000 01313nam a2200325Ia 4500
001 ebr10211693
003 CaPaEBR
006 m u
007 cr cn|||||||||
008 071027s2008 enka sb 001 0 eng d
020 _z1841501824
020 _z9781841501826
040 _aCaPaEBR
_cCaPaEBR
035 _a(OCoLC)560599740
050 1 4 _aP96.T42
_bC66 2008eb
245 0 0 _aConvergence and Fragmentation
_h[electronic resource] :
_bmedia technology and the information society /
_cedited by Peter Ludes.
260 _aBristol ;
_aChicago :
_bIntellect,
_c2008.
300 _a256 p. :
_bill.
490 1 _aChanging media--changing Europe series ;
_vv. 5
504 _aIncludes bibliographical references and index.
533 _aElectronic reproduction.
_bPalo Alto, Calif. :
_cebrary,
_d2009.
_nAvailable via World Wide Web.
_nAccess may be limited to ebrary affiliated libraries.
650 0 _aInformation society.
650 0 _aMass media and culture.
650 0 _aMass media and technology.
655 7 _aElectronic books.
_2local
700 1 _aLudes, Peter.
710 2 _aebrary, Inc.
830 0 _aChanging media--changing Europe series ;
_vv. 5.
856 4 0 _uhttp://site.ebrary.com/lib/rucke/Doc?id=10211693
_zAn electronic book accessible through the World Wide Web; click to view
999 _c228295
_d228295